Macroeconomics and monetary policy : (Record no. 124032)

MARC details
000 -LEADER
fixed length control field 00959nam a22002897a 4500
003 - CONTROL NUMBER IDENTIFIER
control field 0
005 - DATE AND TIME OF LATEST TRANSACTION
control field 20180723124333.0
008 - FIXED-LENGTH DATA ELEMENTS--GENERAL INFORMATION
fixed length control field 0
010 ## - LIBRARY OF CONGRESS CONTROL NUMBER
LC control number B-109007
020 ## - INTERNATIONAL STANDARD BOOK NUMBER
Terms of availability 295.00
International Standard Book Number 9780195672312
035 ## - SYSTEM CONTROL NUMBER
System control number B-109007, B-109008, B-109008
037 ## - SOURCE OF ACQUISITION
Source of stock number/acquisition Cen Lib/Ret
040 ## - CATALOGING SOURCE
Original cataloging agency DPL
Language of cataloging EN
Transcribing agency 0
082 ## - DEWEY DECIMAL CLASSIFICATION NUMBER
Classification number 339.53
Item number MAC
245 ## - TITLE STATEMENT
Title Macroeconomics and monetary policy :
Statement of responsibility, etc edited by Montek S. Ahluwalia, Y.V. Reddy [and] S.S. Tarapore
Remainder of title issues for reforming economy /
260 ## - PUBLICATION, DISTRIBUTION, ETC. (IMPRINT)
Place of publication, distribution, etc New Delhi
Date of publication, distribution, etc 2002
Name of publisher, distributor, etc Oxford University Press
270 ## - ADDRESS
City New Delhi
Address YMCA building, jai singh road
Postal code 110001
300 ## - PHYSICAL DESCRIPTION
Extent xviii, 345p. :
Dimensions 21cm(pbk)
490 ## - SERIES STATEMENT
Series statement
500 ## - GENERAL NOTE
General note Includes bibliographical references and index
650 ## - SUBJECT ADDED ENTRY--TOPICAL TERM
Topical term or geographic name as entry element Microeconomics
9 (RLIN) 87407
650 ## - SUBJECT ADDED ENTRY--TOPICAL TERM
Topical term or geographic name as entry element Growth and inflation
9 (RLIN) 8967
700 ## - ADDED ENTRY--PERSONAL NAME
Personal name Ahluwalia, Montek S.
9 (RLIN) 8968
700 ## - ADDED ENTRY--PERSONAL NAME
Personal name Reddy, Y.V.
9 (RLIN) 8969
700 ## - ADDED ENTRY--PERSONAL NAME
Personal name Tarapore, S.S.
9 (RLIN) 8970
942 ## - ADDED ENTRY ELEMENTS (KOHA)
Source of classification or shelving scheme Dewey Decimal Classification
Koha item type English Books
Classification part 339.53
Call number suffix MAC
Holdings
Withdrawn status Lost status Damaged status Not for loan Home library Current library Date acquired Source of acquisition Cost, normal purchase price Total Checkouts Full call number Barcode Date last seen Copy number Cost, replacement price Price effective from Koha item type Source of classification or shelving scheme Collection code Checked out Date checked out
        Central Library Central Library 13/06/2015 Cen Lib/Ret 295.00   339.53 MAC B-109007 13/06/2015 1 295.00 13/06/2015 English Books        
        Patel Nagar Patel Nagar 23/07/2018 BPPD/PUB 295.00 1 339.53 MAC B-109008 04/08/2018   295.00 23/07/2018 English Books Dewey Decimal Classification Non-fiction 18/08/2018 04/08/2018

© Delhi Public Library
Hit Counter
free hit counter